000 00385nam a2200181Ia 4500
001 1332
005 20260306143720.0
008 260306t1993||||xx |||||||||||||| ||spa||
041 _aESP
082 _a194
_bM88
100 _aMounier, Emmanuel
_eAUT
245 0 _aObras completas
260 _c1993
300 _a
_c
650 _aGEN
654 _aCHU
942 _cLIB
_dJUS
_fJUS
_2ddc
_n
999 _c1332
_d1332